[Event "London ENG"]
[Site "London ENG"]
[Date "1993.??.??"]
[Round "?"]
[White "Short, Nigel D"]
[Black "Kasparov, Gary"]
[Result "1/2-1/2"]
[WhiteElo "2655"]
[BlackElo "2805"]
[PlyCount "98"]
[EventDate "1993.??.??"]
[Source "www.chesslib.no"]
[SourceDate "2004.05.04"]

1. e4 c5 2. Nf3 d6 3. d4 cxd4 4. Nxd4 Nf6 5. Nc3 a6 6. Bc4 e6 7. Bb3 Nc6 8. Be3 Be7 9. f4 O-O 10. O-O Nxd4 11. Bxd4 b5 12. e5 dxe5 13. fxe5 Nd7 14. Ne4 Bb7 15. Nd6 Bxd6 16. exd6 Qg5 17. Qe2 e5 18. Bc3 Qg6 19. Rad1 Kh8 20. Bd5 Bxd5 21. Rxd5 Qe6 22. Rfd1 Rfc8 23. Ba5 Rc6 24. b3 Rac8 25. Bc7 Re8 26. c4 bxc4 27. bxc4 f5 28. h3 h6 29. Qc2 e4 30. Qa4 Rc5 31. Rxc5 Nxc5 32. Qc6 Nd7 33. Qd5 Qg6 34. c5 Re5 35. Qa8+ Kh7 36. c6 Rb5 37. Qxa6 Rb2 38. Qf1 f4 39. cxd7 f3 40. g4 Qf6 41. Bb6 Rxb6 42. d8=Q Qxd8 43. Qe1 Rxd6 44. Rxd6 Qxd6 45. Qxe4+ Kh8 46. Qa8+ Kh7 47. Qxf3 Qd4+ 48. Kg2 Qd2+ 49. Qf2 Qd5+ 1/2-1/2

[Event "Samara 74/269"]
[Site "?"]
[Date "1998.??.??"]
[Round "?"]
[White "Dvoirys, Semen I"]
[Black "Zvjaginsev, Vadim"]
[Result "1/2-1/2"]
[WhiteElo "2585"]
[BlackElo "2650"]
[PlyCount "75"]
[Source "ChessBase"]
[SourceDate "1998.10.01"]

1. e4 c5 2. Nf3 e6 3. d4 cxd4 4. Nxd4 Nc6 5. Nc3 d6 6. Bc4 Nf6 7. O-O Be7 8. a3 O-O 9. Ba2 Nxd4 10. Qxd4 b6 11. Qd3 Bb7 12. Bf4 Qc8 13. Rfe1 Rd8 14. Rad1 a6 15. a4 b5 16. axb5 axb5 17. Qxb5 Nxe4 18. Bxe6 fxe6 19. Nxe4 Bxe4 20. Rxe4 Qxc2 21. Ree1 Rab8 22. Qa5 e5 23. Qd5+ Kh8 24. b4 Qa4 25. Bd2 Qb5 26. Qe6 Qd7 27. Qb3 Rf8 28. Bc3 Qc6 29. Rd3 Bd8 30. f3 Bb6+ 31. Kh1 Rfc8 32. Qe6 Bd4 33. Bxd4 exd4 34. Qg4 Rxb4 35. Rxd4 Re8 36. Rxe8+ Qxe8 37. h4 h5 38. Qf4 1/2-1/2

[Event "Yopal"]
[Site "Yopal"]
[Date "1997.06.22"]
[Round "3"]
[White "Morovic Fernandez, Ivan"]
[Black "Milos, Gilberto"]
[Result "1/2-1/2"]
[WhiteElo "2580"]
[BlackElo "2605"]
[PlyCount "48"]
[EventDate "1997.06.20"]
[Source "ChessBase"]
[SourceDate "1997.10.13"]

1. e4 c5 2. Nf3 Nc6 3. d4 cxd4 4. Nxd4 Nf6 5. Nc3 d6 6. Bc4 e6 7. Bb3 Be7 8. O-O O-O 9. Be3 a6 10. f4 Nxd4 11. Bxd4 b5 12. e5 dxe5 13. fxe5 Nd7 14. Ne4 Bb7 15. Nd6 Bxd6 16. exd6 Qg5 17. Rf2 a5 18. Qe2 Ra6 19. a4 b4 20. Bxe6 Rxd6 21. Be3 Qe5 22. Bc4 Qxb2 23. Re1 Qe5 24. Qf1 Rf6 1/2-1/2

[Event "SLO-chT"]
[Site "Bled"]
[Date "2000.10.20"]
[Round "7"]
[White "Palac, Mladen"]
[Black "Kozul, Zdenko"]
[Result "1/2-1/2"]
[WhiteElo "2573"]
[BlackElo "2611"]
[PlyCount "68"]
[EventDate "2000.10.14"]
[Source "www.chesslib.no"]
[SourceDate "2004.05.04"]

1. e4 c5 2. Nf3 d6 3. d4 cxd4 4. Nxd4 Nf6 5. Nc3 Nc6 6. Bc4 Qb6 7. Ndb5 a6 8. Be3 Qa5 9. Nd4 e6 10. O-O Qc7 11. Bb3 Na5 12. f4 b5 13. f5 e5 14. Nde2 Nc4 15. Bg5 Bb7 16. Bxf6 gxf6 17. Bxc4 Qxc4 18. Nd5 Be7 19. Ng3 h5 20. Re1 Bd8 21. c3 Rc8 22. Qf3 h4 23. Nf1 Bxd5 24. exd5 Bb6+ 25. Kh1 Ke7 26. Nd2 Qa4 27. Ne4 Rhg8 28. Re2 Ba7 29. b3 Qa3 30. Rd1 Qa5 31. Rc2 Qb6 32. Re1 Rh8 33. Qg4 Rcg8 34. Qf3 Rc8 1/2-1/2

[Event "Hrvatska"]
[Site "?"]
[Date "2000.??.??"]
[Round "?"]
[White "Palac, M."]
[Black "Kozul, Z."]
[Result "0-1"]
[WhiteElo "2570"]
[BlackElo "2610"]
[PlyCount "120"]
[EventDate "2000.??.??"]
[Source "Chess Informant"]
[SourceDate "2000.10.01"]

1. e4 c5 2. Nf3 d6 3. d4 cxd4 4. Nxd4 Nf6 5. Nc3 Nc6 6. Bc4 Qb6 7. Ndb5 a6 8. Be3 Qa5 9. Nd4 e6 10. O-O Qc7 11. Bb3 Na5 12. f4 b5 13. f5 e5 14. Nde2 Bb7 15. Nd5 Bxd5 16. Bxd5 Rc8 17. b3 Be7 18. c3 O-O 19. Qd2 Bd8 20. Kh1 Nc6 21. Bg5 Nxd5 22. Bxd8 Nxd8 23. Qxd5 Qc6 24. f6 Qxd5 25. exd5 Nb7 26. fxg7 Kxg7 27. Rf5 f6 28. Raf1 Kg6 29. g4 Nc5 30. R1f3 Ne4 31. h4 Rh8 32. Re3 h5 33. Rxe4 hxg4 34. Ng3 Rxh4+ 35. Kg2 Rxc3 36. Rf2 Kg5 37. Rf5+ Kg6 38. Rf2 Kg5 39. Ree2 Rxg3+ 40. Kxg3 Rh3+ 41. Kg2 f5 42. Rc2 f4 43. Rc6 e4 44. Rxd6 f3+ 45. Kg1 g3 46. Rc2 e3 47. Rc8 e2 48. Rg8+ Kf5 49. Rf8+ Ke5 50. Re6+ Kxd5 51. Ree8 f2+ 52. Rxf2 Rh1+ 53. Kg2 gxf2 54. Kxf2 Kd4 55. b4 e1=Q+ 56. Rxe1 Rxe1 57. Kxe1 Kc3 58. a3 Kb3 59. Kd2 Kxa3 60. Kc3 Ka4 0-1

[Event "CRO-Cup"]
[Site "Pula"]
[Date "1997.??.??"]
[Round "?"]
[White "Lalic, Bogdan"]
[Black "Kozul, Zdenko"]
[Result "1/2-1/2"]
[WhiteElo "2585"]
[BlackElo "2590"]
[PlyCount "29"]
[EventDate "1997.??.??"]
[Source "www.chesslib.no"]
[SourceDate "2004.05.04"]

1. e4 c5 2. Nf3 Nc6 3. d4 cxd4 4. Nxd4 Nf6 5. Nc3 d6 6. Bc4 e6 7. Bb3 Be7 8. Be3 O-O 9. O-O Bd7 10. f4 Nxd4 11. Bxd4 Bc6 12. Qe2 b5 13. Nxb5 Bxb5 14. Qxb5 Nxe4 15. Rad1 1/2-1/2

[Event "Pula op"]
[Site "Pula"]
[Date "2000.05.24"]
[Round "9"]
[White "Palac, Mladen"]
[Black "Kozul, Zdenko"]
[Result "1/2-1/2"]
[WhiteElo "2570"]
[BlackElo "2597"]
[PlyCount "60"]
[EventDate "2000.05.16"]
[Source "ChessBase"]
[SourceDate "2000.07.11"]

1. e4 c5 2. Nf3 d6 3. d4 cxd4 4. Nxd4 Nf6 5. Nc3 Nc6 6. Bc4 e6 7. Bb3 Be7 8. Be3 O-O 9. O-O Bd7 10. Qe2 Nxd4 11. Bxd4 Bc6 12. Rad1 Qa5 13. f4 e5 14. Be3 Rad8 15. fxe5 dxe5 16. Bg5 Rxd1 17. Rxd1 Rd8 18. Rf1 Rd7 19. Kh1 a6 20. h3 Qd8 21. Qf3 b5 22. Qf5 b4 23. Bxf6 Bxf6 24. Nd5 Bxd5 25. Bxd5 Rc7 26. Rd1 Qe7 27. Qf2 g6 28. Rd3 Kg7 29. g3 Qc5 30. Qxc5 Rxc5 1/2-1/2

[Event "Mind Sports Games - Rapid Ind"]
[Site "Pechino CINA"]
[Date "2008.10.05"]
[Round "2"]
[White "Kravtsiv, M."]
[Black "Balogh, C."]
[Result "0-1"]
[WhiteElo "2549"]
[BlackElo "2616"]
[PlyCount "80"]
[EventDate "2008.10.05"]
[Source "www.chesslib.no"]
[SourceDate "2004.05.04"]

1. e4 c5 2. Nf3 d6 3. d4 cxd4 4. Nxd4 Nf6 5. Nc3 Nc6 6. Bc4 e6 7. Bb3 Be7 8. Be3 O-O 9. O-O Bd7 10. f4 Nxd4 11. Bxd4 Bc6 12. Qe2 b5 13. Nxb5 Bxb5 14. Qxb5 Nxe4 15. f5 e5 16. Be3 Bg5 17. Qe2 Bxe3+ 18. Qxe3 Nf6 19. Rad1 Qc7 20. Rd2 a5 21. a4 Rab8 22. h3 h6 23. Rfd1 Rfd8 24. Kh1 Rb4 25. Rd3 Rf4 26. Rc3 Qb7 27. Rc5 Rxf5 28. Rxa5 d5 29. Rb5 Qa8 30. Qd3 e4 31. Qd4 Re8 32. c4 e3 33. Re1 e2 34. Kg1 Re4 35. Qb6 Re8 36. cxd5 Qc8 37. Qc6 Rf1+ 38. Rxf1 exf1=Q+ 39. Kxf1 Qf5+ 40. Kg1 Re1+ 0-1

[Event "Christmas Open"]
[Site "Zadar"]
[Date "2003.12.19"]
[Round "7"]
[White "Zelcic, Robert"]
[Black "Kozul, Zdenko"]
[Result "0-1"]
[WhiteElo "2552"]
[BlackElo "2597"]
[PlyCount "138"]
[EventDate "2003.12.15"]
[Source "Roberto Alvarez"]
[SourceDate "2003.12.22"]

1. e4 c5 2. Nf3 Nc6 3. d4 cxd4 4. Nxd4 Nf6 5. Nc3 d6 6. Bc4 e6 7. O-O Be7 8. Be3 O-O 9. Qe2 Bd7 10. Rad1 Qb8 11. a4 a6 12. Bg5 Re8 13. Kh1 d5 14. Nxc6 Bxc6 15. exd5 exd5 16. Bd3 d4 17. Bxf6 Bxf6 18. Ne4 Qf4 19. Nxf6+ Qxf6 20. Qd2 Bxa4 21. Rfe1 Bc6 22. Kg1 g6 23. Rxe8+ Rxe8 24. Bf1 Qf5 25. Qc1 Qc5 26. Qd2 Re4 27. h3 a5 28. Bd3 Re5 29. Bf1 Re4 30. Bd3 Re7 31. b3 b6 32. Bc4 b5 33. Qxa5 Qh5 34. Rxd4 bxc4 35. Qxh5 gxh5 36. Rxc4 Re1+ 37. Kh2 Re6 38. Rc5 h4 39. b4 Kf8 40. c4 Ke7 41. b5 Bd7 42. Rh5 Re4 43. b6 Rxc4 44. b7 Rb4 45. Rxh7 Rxb7 46. Rxh4 Bc6 47. Rf4 Ke6 48. g4 Rb3 49. h4 Bd5 50. h5 f6 51. h6 Rb8 52. Rf5 Be4 53. Rh5 Kf7 54. Rh3 Rg8 55. f3 Bd5 56. Kg3 Kg6 57. Rh5 Bf7 58. Rh2 Rb8 59. h7 Rh8 60. Kf4 Be6 61. Rh1 Bc8 62. Rc1 Bd7 63. Rd1 Rxh7 64. Rd6 Be8 65. Rb6 Rc7 66. Rb3 Bf7 67. Ra3 Rb7 68. Kg3 Rb3 69. Ra2 Rxf3+ 0-1

[Event "Saint Petersburg RUS"]
[Site "?"]
[Date "2006.06.08"]
[Round "6"]
[White "Solozhenkin Evgeniy"]
[Black "Alekseev Evgeny"]
[Result "0-1"]
[WhiteElo "2508"]
[BlackElo "2640"]
[PlyCount "60"]
[EventDate "2006.??.??"]
[Source "www.chesslib.no"]
[SourceDate "2004.05.04"]

1. e4 c5 2. Nf3 Nc6 3. d4 cxd4 4. Nxd4 Nf6 5. Nc3 d6 6. Bc4 e6 7. Be3 a6 8. Bb3 Be7 9. O-O O-O 10. f4 Qc7 11. Qf3 Na5 12. f5 e5 13. Nde2 Nxb3 14. cxb3 b5 15. b4 Bb7 16. Rac1 Qd7 17. Bg5 Nxe4 18. Nxe4 Bxg5 19. Rcd1 Bxe4 20. Qxe4 Rac8 21. Nc3 Rc4 22. Qe2 Rxb4 23. Kh1 Rd4 24. Ne4 Bh6 25. Qg4 Kh8 26. Rxd4 exd4 27. Qh4 f6 28. Qg3 Re8 29. Nxd6 Re3 30. Rf3 Re5 0-1

[Event "Asheville"]
[Site "?"]
[Date "1997.??.??"]
[Round "?"]
[White "Kaidanov, G."]
[Black "Serper, G."]
[Result "1/2-1/2"]
[WhiteElo "2590"]
[BlackElo "2550"]
[PlyCount "72"]
[EventDate "1997.??.??"]
[Source "ChessBase"]
[SourceDate "1997.02.01"]

1. e4 c5 2. Nf3 d6 3. d4 cxd4 4. Nxd4 Nf6 5. Nc3 Nc6 6. Bc4 e6 7. Bb3 a6 8. O-O Qc7 9. Kh1 Be7 10. f4 O-O 11. f5 Nxd4 12. Qxd4 b5 13. fxe6 Bxe6 14. Bg5 Ng4 15. Nd5 Bxd5 16. Qxd5 Ne5 17. Bf4 Rad8 18. a4 b4 19. a5 Bf6 20. Be3 Nd7 21. Bc4 Nc5 22. Rf5 Rde8 23. Raf1 Nxe4 24. Bb6 Qc8 25. R5f4 Re5 26. Qd3 Qe8 27. Bd4 Nc5 28. Qd1 Rg5 29. Bxf6 gxf6 30. Rxf6 Qe4 31. Qe2 d5 32. Bxa6 Nxa6 33. Qxe4 dxe4 34. Rxa6 Rc8 35. Rb6 Rxa5 36. Rxb4 Rxc2 1/2-1/2

[Event "RUS-ch51"]
[Site "St Petersburg"]
[Date "1998.08.02"]
[Round "6"]
[White "Dvoirys, Semen I"]
[Black "Sherbakov, Ruslan"]
[Result "1/2-1/2"]
[WhiteElo "2585"]
[BlackElo "2555"]
[PlyCount "149"]
[EventDate "1998.07.28"]
[Source "ChessBase"]
[SourceDate "1998.11.30"]

1. e4 c5 2. Nf3 Nc6 3. d4 cxd4 4. Nxd4 Nf6 5. Nc3 d6 6. Bc4 e6 7. O-O Be7 8. a3 O-O 9. Ba2 Nxd4 10. Qxd4 b6 11. Qd3 Bb7 12. Bf4 Qc8 13. Rfe1 Rd8 14. Rad1 Qc5 15. Be3 Qh5 16. Bd4 Ng4 17. h3 Ne5 18. Qf1 Bh4 19. Nb5 Bc6 20. c4 Bxb5 21. cxb5 Rac8 22. Bc3 Bf6 23. Qe2 Qxe2 24. Rxe2 Nd7 25. Rxd6 Bxc3 26. bxc3 Nc5 27. Rd4 Kf8 28. Re3 Ke7 29. e5 h5 30. g3 g6 31. Kg2 Rd7 32. Kf3 Rcd8 33. Rxd7+ Rxd7 34. Ke2 Rc7 35. Kd2 Nd7 36. f4 Rc5 37. c4 Rc8 38. Kc3 Rg8 39. Bb1 Nc5 40. Bc2 Ra8 41. Re1 Kd7 42. a4 Kc7 43. Ra1 Rd8 44. Rf1 Kb7 45. Rh1 Kc7 46. Rh2 Kb7 47. g4 Rh8 48. gxh5 Rxh5 49. h4 Rh8 50. Kd4 Kc7 51. Rh1 Kd7 52. a5 Kc7 53. axb6+ axb6 54. Be4 Kd7 55. Ke3 Ke7 56. Bc6 Rd8 57. h5 gxh5 58. Rxh5 Rd3+ 59. Kf2 Rd4 60. Rh8 Rd8 61. Rh5 Nb3 62. Rh1 Nd4 63. Ke3 Nf5+ 64. Kf3 Nd4+ 65. Ke4 Nb3 66. Ke3 Rc8 67. Rd1 Rd8 68. Rb1 Na5 69. Rb4 Rc8 70. Ra4 f6 71. Kd4 fxe5+ 72. fxe5 Rh8 73. Be4 Rh4 74. Rb4 Nb7 75. Rb1 1/2-1/2

[Event "Biel"]
[Site "?"]
[Date "1999.??.??"]
[Round "?"]
[White "Onischuk, Al"]
[Black "Pelletier, Y."]
[Result "1-0"]
[WhiteElo "2655"]
[BlackElo "2475"]
[PlyCount "93"]
[EventDate "1999.??.??"]
[Source "Chess Informant"]
[SourceDate "1999.06.01"]

1. e4 c5 2. Nf3 d6 3. d4 cxd4 4. Nxd4 Nf6 5. Nc3 Nc6 6. Bc4 Qb6 7. Ndb5 a6 8. Be3 Qa5 9. Nd4 e6 10. O-O Qc7 11. Bb3 Na5 12. f4 b5 13. f5 e5 14. Nde2 Bb7 15. Ng3 Nc4 16. Qf3 Nxb2 17. Nd5 Bxd5 18. Bxd5 Rc8 19. Nh5 Nxd5 20. exd5 f6 21. a4 Nxa4 22. c4 Qxc4 23. Ng3 h5 24. Ne4 Kd8 25. Rfc1 Qxd5 26. Rxc8+ Kxc8 27. Nxd6+ Qxd6 28. Qa8+ Kd7 29. Rc1 Nc5 30. Kh1 Qd3 31. Bxc5 Bxc5 32. Qxh8 Qxf5 33. Qxg7+ Kc6 34. Qf7 Kb6 35. Qd5 Qf2 36. Qe6+ Kb7 37. Ra1 a5 38. Qd5+ Ka6 39. Qc6+ Bb6 40. Qa8+ Ba7 41. Qc8+ Kb6 42. Rc1 a4 43. Qd8+ Kb7 44. Rc7+ Ka6 45. Rc6+ Qb6 46. Qxf6 e4 47. h4 1-0

[Event "Rethymnon"]
[Site "?"]
[Date "2003.??.??"]
[Round "?"]
[White "Mueller, Ka"]
[Black "Acs, P."]
[Result "1-0"]
[WhiteElo "2521"]
[BlackElo "2606"]
[PlyCount "119"]
[EventDate "2003.??.??"]
[Source "Chess Informant"]
[SourceDate "2003.10.01"]

1. e4 c5 2. Nf3 d6 3. d4 cxd4 4. Nxd4 Nf6 5. Nc3 Nc6 6. Bc4 e6 7. Bb3 a6 8. O-O Be7 9. Be3 O-O 10. f4 Nxd4 11. Bxd4 b5 12. e5 dxe5 13. fxe5 Nd7 14. Ne4 Bb7 15. Nd6 Bxd6 16. exd6 Qg5 17. Qe2 e5 18. Rf2 exd4 19. Qe7 Qxe7 20. dxe7 Rfe8 21. Bxf7+ Kh8 22. Re1 Nf6 23. g4 Bd5 24. Bxe8 Rxe8 25. g5 Nd7 26. Rf4 Kg8 27. Rxd4 Nb6 28. Re5 Bf7 29. Rd8 Nc8 30. c3 g6 31. Kf2 Kg7 32. Re2 Na7 33. Re6 Bxe6 34. Rxe8 Kf7 35. Ra8 Nc8 36. Rxa6 Kxe7 37. Ke3 Nd6 38. Ra7+ Bd7 39. Kf4 Nf7 40. b3 h6 41. Rxd7+ Kxd7 42. gxh6 Nxh6 43. Kg5 Nf5 44. Kxg6 Ne7+ 45. Kf7 Nd5 46. h4 Nxc3 47. h5 Ne4 48. Kg6 Nc5 49. Kf6 Ne6 50. Ke5 Ke7 51. h6 Kf7 52. b4 Nd8 53. Kd6 Kg6 54. Kc5 Kxh6 55. Kxb5 Kg6 56. a4 Kf6 57. a5 Ke6 58. a6 Kd7 59. a7 Ne6 60. Kb6 1-0

[Event "Eastern Class Ch Woburn"]
[Site "?"]
[Date "1998.??.??"]
[Round "1"]
[White "Kelleher, William"]
[Black "DeFirmian, Nick E"]
[Result "0-1"]
[WhiteElo "2415"]
[BlackElo "2700"]
[PlyCount "84"]
[EventDate "1998.??.??"]
[Source "www.chesslib.no"]
[SourceDate "2004.05.04"]

1. e4 c5 2. Nf3 d6 3. d4 cxd4 4. Nxd4 Nf6 5. Nc3 a6 6. Bc4 e6 7. Bb3 Nc6 8. Be3 Be7 9. f4 O-O 10. Qf3 Nxd4 11. Bxd4 b5 12. O-O-O Bb7 13. Rhe1 b4 14. Na4 Bc6 15. f5 e5 16. Bf2 Rb8 17. Nc5 a5 18. g4 Qc8 19. g5 dxc5 20. gxf6 Bxf6 21. Bxc5 a4 22. Bd5 Rd8 23. Qf2 b3 24. axb3 Bxd5 25. Rxd5 axb3 26. Rxd8+ Bxd8 27. Rd1 h6 28. Kb1 Qb7 29. Rd5 Ra8 30. Qd2 bxc2+ 31. Qxc2 Qa6 32. Qd3 Qa1+ 33. Kc2 Bg5 34. Ba3 Rc8+ 35. Kb3 Kh7 36. Qd1 Rb8+ 37. Ka4 Qa2 38. Rc5 Rxb2 39. Qd5 Be7 40. Rc3 Bxa3 41. Rxa3 Qxd5 42. exd5 Rd2 0-1

[Event "Los Angeles"]
[Site "?"]
[Date "1997.??.??"]
[Round "?"]
[White "de Firmian, N."]
[Black "Serper, G."]
[Result "1-0"]
[WhiteElo "2570"]
[BlackElo "2540"]
[PlyCount "121"]
[EventDate "1997.??.??"]
[Source "ChessBase"]
[SourceDate "1997.06.01"]

1. e4 c5 2. Nf3 d6 3. d4 cxd4 4. Nxd4 Nf6 5. Nc3 Nc6 6. Bc4 e6 7. Be3 a6 8. Bb3 Qc7 9. O-O Na5 10. f4 b5 11. f5 Nxb3 12. cxb3 b4 13. Na4 e5 14. Rc1 Qb7 15. Nf3 Be7 16. Nb6 Rb8 17. Rc4 O-O 18. Qc1 a5 19. Rc7 Qa6 20. Rc6 Qb7 21. Rc7 Qa6 22. Rc6 Qb7 23. Qc4 Ng4 24. Bf2 Nxf2 25. Rxf2 Bd7 26. Nxd7 Qxd7 27. Rc7 Qe8 28. Rc2 Bd8 29. Rc6 Bb6+ 30. Kf1 Bc5 31. Qd5 Rc8 32. Nxe5 dxe5 33. R6xc5 Rd8 34. Qxe5 Rd1+ 35. Ke2 Qd8 36. Rd5 Rxd5 37. Qxd5 Qg5 38. g3 Rd8 39. h4 Qe7 40. Qc6 h6 41. Rd2 Rxd2+ 42. Kxd2 Qe5 43. g4 Qxb2+ 44. Kd3 Qxa2 45. Qe8+ Kh7 46. Qxf7 Qb1+ 47. Kd4 Qd1+ 48. Kc5 Qxg4 49. e5 Qg1+ 50. Kc6 Qg2+ 51. Kd6 Qd2+ 52. Ke7 Qd4 53. Qg6+ Kg8 54. Qe6+ Kh7 55. f6 Qa7+ 56. Qd7 Qc5+ 57. Ke6 Qf8 58. h5 a4 59. Qxa4 Qc8+ 60. Qd7 Qa6+ 61. Kf7 1-0

[Event "HUN-GER Match"]
[Site "Budapest"]
[Date "2004.09.18"]
[Round "3"]
[White "Balogh, Csaba"]
[Black "Lutz, Christopher"]
[Result "0-1"]
[WhiteElo "2513"]
[BlackElo "2596"]
[PlyCount "44"]
[EventDate "2004.09.16"]
[Source "Roberto Alvarez"]
[SourceDate "2004.10.05"]

1. e4 c5 2. Nf3 d6 3. d4 cxd4 4. Nxd4 Nf6 5. Nc3 a6 6. Bc4 e6 7. Bb3 Nc6 8. Be3 Be7 9. f4 O-O 10. Qe2 Nxd4 11. Bxd4 b5 12. O-O-O b4 13. Na4 Bd7 14. Nb6 Bb5 15. Qf3 Rb8 16. e5 dxe5 17. fxe5 Rxb6 18. exf6 Bxf6 19. Bc5 Qb8 20. Bxb6 Qxb6 21. Qf4 a5 22. Bc4 Qc5 0-1

[Event "Moscow ol (Men)"]
[Site "Moscow"]
[Date "1994.??.??"]
[Round "7"]
[White "Mitkov, Nikola"]
[Black "Loginov, Valery A"]
[Result "1/2-1/2"]
[WhiteElo "2495"]
[BlackElo "2610"]
[PlyCount "61"]
[EventDate "1994.11.??"]
[Source "ChessBase"]

1. e4 c5 2. Nf3 d6 3. d4 cxd4 4. Nxd4 Nf6 5. Nc3 a6 6. Bc4 e6 7. Bb3 Be7 8. f4 Nc6 9. Be3 O-O 10. Qf3 Qc7 11. O-O-O Nxd4 12. Bxd4 b5 13. Bxf6 Bxf6 14. e5 Bb7 15. Bd5 Bxd5 16. Nxd5 exd5 17. exf6 Rac8 18. Rd2 Qc4 19. Kb1 Rfe8 20. fxg7 d4 21. f5 Re3 22. Qg4 d3 23. Qxc4 Rxc4 24. cxd3 Rf4 25. Rc1 Rxf5 26. Rc6 Rc5 27. Rxc5 dxc5 28. d4 cxd4 29. Rxd4 Kxg7 30. Rg4+ Kf6 31. Kc2 1/2-1/2

[Event "HUN Team Ch"]
[Site "HUN"]
[Date "1992.??.??"]
[Round "?"]
[White "Sax, Gyula"]
[Black "Groszpeter, Attila"]
[Result "1/2-1/2"]
[WhiteElo "2600"]
[BlackElo "2495"]
[PlyCount "26"]
[EventDate "1992.??.??"]
[Source "www.chesslib.no"]
[SourceDate "2004.05.04"]

1. e4 c5 2. Nf3 d6 3. d4 cxd4 4. Nxd4 Nf6 5. Nc3 Nc6 6. Bc4 Bd7 7. O-O e6 8. Be3 Be7 9. f4 O-O 10. Bb3 Nxd4 11. Bxd4 Bc6 12. Qd3 b5 13. f5 b4 1/2-1/2

[Event "EU-ch 4th"]
[Site "?"]
[Date "2003.05.30"]
[Round "1"]
[White "Sulypa Alexandre"]
[Black "Kozul Zdenko"]
[Result "0-1"]
[WhiteElo "2492"]
[BlackElo "2601"]
[PlyCount "138"]
[EventDate "2003.??.??"]
[Source "www.chesslib.no"]
[SourceDate "2004.05.04"]

1. e4 c5 2. Nf3 Nc6 3. d4 cxd4 4. Nxd4 Nf6 5. Nc3 d6 6. Bc4 e6 7. Bb3 Be7 8. f4 O-O 9. Be3 Bd7 10. Qe2 Nxd4 11. Bxd4 e5 12. fxe5 dxe5 13. Bxe5 Qa5 14. Bxf6 Bxf6 15. O-O Bxc3 16. bxc3 Qxc3 17. Rad1 Be6 18. Bd5 Rad8 19. Qf2 Bxd5 20. exd5 b6 21. Rd3 Qc4 22. d6 Rd7 23. a3 Re8 24. Re1 Kf8 25. Kh1 Qc5 26. Qf4 h6 27. h3 Red8 28. Red1 Qxc2 29. Qg3 Kg8 30. Qe5 Qc5 31. Qf4 Qg5 32. Qe4 Qf6 33. Qc6 Qe6 34. a4 Qe5 35. Rd5 Qe4 36. Qb5 Qc2 37. Kh2 Qg6 38. Qc6 Qe4 39. a5 bxa5 40. Qa6 Qb4 41. Qxa5 Qxa5 42. Rxa5 Rb8 43. Re1 Rxd6 44. Rxa7 Rb2 45. Ra8+ Kh7 46. Re3 Rdd2 47. Rg3 Rf2 48. Raa3 g5 49. Raf3 Rxf3 50. Rxf3 Kg6 51. Ra3 f5 52. Kg3 Kh5 53. Ra6 Rb3+ 54. Kf2 Rb4 55. Kg3 Rf4 56. Ra1 Rc4 57. Ra6 Rc5 58. Rb6 g4 59. hxg4+ fxg4 60. Kf2 Rf5+ 61. Kg3 Kg5 62. Rb8 Ra5 63. Rg8+ Kh5 64. Rc8 Ra3+ 65. Kf2 Kh4 66. Rc1 Ra2+ 67. Ke3 Kg3 68. Rh1 Ra6 69. Rb1 Rf6 0-1

[Event "George Marx mem 2nd"]
[Site "Paks"]
[Date "2004.06.09"]
[Round "5"]
[White "Nevednichy, Vladislav"]
[Black "Acs, Peter"]
[Result "1-0"]
[WhiteElo "2544"]
[BlackElo "2548"]
[PlyCount "79"]
[EventDate "2004.05.05"]
[SourceDate "2004.06.16"]

1. e4 c5 2. Nf3 d6 3. d4 cxd4 4. Nxd4 Nf6 5. Nc3 Nc6 6. Bc4 e6 7. Be3 a6 8. Bb3 Be7 9. f4 Qc7 10. f5 Nxd4 11. Bxd4 b5 12. a3 e5 13. Be3 Bb7 14. Qd3 Rc8 15. O-O-O O-O 16. g4 Nxg4 17. Rhg1 Nxe3 18. Qxe3 Bf6 19. Rg3 Kh8 20. Qe2 Qa5 21. Rxd6 b4 22. axb4 Qxb4 23. Rd7 a5 24. Bxf7 Bc6 25. Qh5 Rxf7 26. Qxf7 Bxd7 27. Qxd7 Rd8 28. Qb5 Qd4 29. Qe2 Rb8 30. Rd3 Qb4 31. Nd1 a4 32. Kb1 h6 33. h3 Qb5 34. Re3 Qb6 35. Ra3 Qg1 36. Rd3 Be7 37. Qe3 Qg2 38. Qa7 Rc8 39. Qxa4 Qe2 40. Nc3 1-0

[Event "Dallas Pinfork op2"]
[Site "Dallas, TX USA"]
[Date "1996.??.??"]
[Round "3"]
[White "Hernandez, Gilberto"]
[Black "Gurevich, Dmitry B"]
[Result "1-0"]
[WhiteElo "2555"]
[BlackElo "2535"]
[PlyCount "55"]
[EventDate "1996.??.??"]
[Source "www.chesslib.no"]
[SourceDate "2004.05.04"]

1. e4 c5 2. Nf3 d6 3. d4 cxd4 4. Nxd4 Nf6 5. Nc3 Nc6 6. Bc4 e6 7. Be3 a6 8. Bb3 Be7 9. f4 O-O 10. Qf3 Nxd4 11. Bxd4 b5 12. O-O-O Bb7 13. a3 Qb8 14. f5 e5 15. Bf2 Rc8 16. Bh4 Rxc3 17. Qxc3 Nxe4 18. Qh3 Qd8 19. Bxe7 Qxe7 20. Qe3 Nf6 21. Rhg1 d5 22. g4 Rd8 23. g5 Ne4 24. g6 hxg6 25. fxg6 f5 26. Qf3 Qe6 27. Rgf1 Bc8 28. Rxd5 1-0

[Event "RUS-ch"]
[Site "Elista"]
[Date "1994.??.??"]
[Round "10"]
[White "Sokolov, Andrei"]
[Black "Sherbakov, Ruslan"]
[Result "1/2-1/2"]
[WhiteElo "2580"]
[BlackElo "2510"]
[PlyCount "28"]
[EventDate "1994.09.??"]
[Source "ChessBase"]

1. e4 c5 2. Nf3 Nc6 3. d4 cxd4 4. Nxd4 Nf6 5. Nc3 d6 6. Bc4 e6 7. Be3 Be7 8. Bb3 O-O 9. f4 Nxd4 10. Bxd4 e5 11. fxe5 dxe5 12. Bxe5 Qa5 13. Bxf6 Bxf6 14. O-O Be6 1/2-1/2

[Event "Deutschland"]
[Site "?"]
[Date "1997.??.??"]
[Round "?"]
[White "Huebner, R."]
[Black "Tischbierek, R."]
[Result "1-0"]
[WhiteElo "2600"]
[BlackElo "2490"]
[PlyCount "47"]
[EventDate "1997.??.??"]
[Source "ChessBase"]
[SourceDate "1997.06.01"]

1. e4 c5 2. Nf3 d6 3. d4 cxd4 4. Nxd4 Nf6 5. Nc3 Nc6 6. Bc4 e6 7. Be3 a6 8. Bb3 Be7 9. f4 O-O 10. O-O Nxd4 11. Bxd4 b5 12. e5 dxe5 13. fxe5 Nd7 14. Ne4 Bb7 15. Nd6 Bxd6 16. exd6 Qg5 17. Qe2 a5 18. c3 Ra6 19. Rfd1 Rd8 20. Rd3 e5 21. Rg3 Qh6 22. Rf1 Rxd6 23. Bxf7+ Kh8 24. Be3 1-0

[Event "Novgorod op"]
[Site "Novgorod"]
[Date "1999.03.27"]
[Round "9"]
[White "Voitsekhovsky, Stanislav"]
[Black "Loginov, Valery A"]
[Result "1/2-1/2"]
[WhiteElo "2558"]
[BlackElo "2532"]
[PlyCount "122"]
[EventDate "1999.03.19"]
[Source "ChessBase"]
[SourceDate "1999.05.10"]

1. e4 c5 2. Nf3 d6 3. d4 cxd4 4. Nxd4 Nf6 5. Nc3 a6 6. Bc4 e6 7. Bb3 Be7 8. f4 Nc6 9. Be3 O-O 10. Qf3 Qc7 11. O-O-O b5 12. e5 Nxd4 13. Bxd4 dxe5 14. Bxe5 Qb7 15. Qg3 b4 16. Ne2 a5 17. Ba4 g6 18. h4 h5 19. Nd4 Ra6 20. Bb5 Rb6 21. Bd3 Ng4 22. Be2 f5 23. Bxg4 fxg4 24. Qd3 Kh7 25. g3 a4 26. Kb1 Qd5 27. Rhe1 Qc5 28. Ne2 Ba6 29. Qd4 Qxd4 30. Nxd4 Bc4 31. b3 axb3 32. cxb3 Bd5 33. Rc1 Rb7 34. Nc6 Re8 35. Nxe7 Rbxe7 36. Rc5 Rb7 37. Rec1 Kg8 38. Rc7 Re7 39. Rc8+ Kf7 40. Rh8 g5 41. hxg5 Be4+ 42. Kb2 Re8 43. Rxe8 Kxe8 44. Rc4 Bf5 45. a3 bxa3+ 46. Kxa3 Ra7+ 47. Kb2 Rd7 48. Rd4 Rh7 49. b4 h4 50. gxh4 g3 51. Rd1 Rxh4 52. Rg1 Rh2+ 53. Kb3 g2 54. Kc4 Be4 55. b5 Kf7 56. Bd4 Kg6 57. Re1 Kf5 58. b6 Rh1 59. Bg1 Bb7 60. Kc5 Rh7 61. Kd6 Kxf4 1/2-1/2

[Event "RUS-ch KO"]
[Site "Moscow"]
[Date "1999.12.15"]
[Round "1.1"]
[White "Bezgodov, Alexei"]
[Black "Kalygin, Sergey V"]
[Result "0-1"]
[WhiteElo "2576"]
[BlackElo "2511"]
[PlyCount "78"]
[EventDate "1999.12.04"]
[Source "ChessBase"]
[SourceDate "2000.04.05"]

1. e4 c5 2. Nf3 Nc6 3. d4 cxd4 4. Nxd4 Nf6 5. Nc3 d6 6. Bc4 e6 7. Be3 Be7 8. Bb3 a6 9. O-O O-O 10. f4 Nxd4 11. Bxd4 b5 12. e5 dxe5 13. fxe5 Nd7 14. Ne4 Bb7 15. Nd6 Bxd6 16. exd6 Qg5 17. Qe2 e5 18. Be3 Qg6 19. c4 bxc4 20. Bxc4 Kh8 21. Qd2 Rac8 22. b3 Rc6 23. Rf2 Rxd6 24. Qa5 Qe4 25. Re1 Qc6 26. Bc1 Rg6 27. Bf1 Re8 28. Bb2 Qe6 29. Bc4 Qc6 30. Qd2 Rd6 31. Qe3 f5 32. Bf1 Rg6 33. Rc1 f4 34. Qd2 Qe6 35. Rc7 Bd5 36. Bxa6 Bxg2 37. Rxg2 Qb6+ 38. Qf2 Rxg2+ 39. Kxg2 Qxc7 0-1